[Event "Corporation Cup 2014"]
[Site "Izhevsk RUS"]
[Date "2014.07.16"]
[Round "5.6"]
[White "Demchenko, Anton"]
[Black "Zakhartsov, Vladimir"]
[Result "1/2-1/2"]
[WhiteTitle "GM"]
[BlackTitle "IM"]
[WhiteElo "2619"]
[BlackElo "2391"]
[WhiteFideId "4160258"]
[BlackFideId "4145097"]
[EventDate "2014.07.12"]

1. e4 c5 2. c3 Nf6 3. e5 Nd5 4. Bc4 Nb6 5. Bb3 c4 6. Bc2 Nc6 7. Nf3 Qc7 8. O-O
Nxe5 9. Nxe5 Qxe5 10. Re1 Qc7 11. a4 e6 12. d3 cxd3 13. Qxd3 Be7 14. Na3 a6 15.
a5 Nd5 16. Qd4 O-O 17. Nc4 f5 18. Nb6 Nxb6 19. axb6 Qc5 20. Be3 Qxd4 21. Bxd4
Kf7 22. Re2 d5 23. Ba4 Bf6 24. Bc5 Rd8 25. Rae1 e5 26. Rxe5 Bxe5 27. Rxe5 Be6
28. f4 Rac8 29. Bd4 Rc4 30. Bd1 Rd6 31. Kf2 Rxd4 32. cxd4 Rxb6 33. b3 Kf6 34.
Ke3 Bd7 35. Kd2 Rd6 36. Bf3 Be6 37. Re1 Rb6 38. Kc3 h6 39. h4 g6 40. Ra1 Ke7 41.
Ra5 Kd6 42. Rc5 Rc6 43. Rxc6+ Kxc6 44. Kb4 b6 45. g3 a5+ 46. Ka3 Bc8 47. Be2 h5 1/2-1/2

[Event "Corporation Cup 2014"]
[Site "Izhevsk RUS"]
[Date "2014.07.16"]
[Round "5.7"]
[White "Kanter, Eduard"]
[Black "Maletin, Pavel"]
[Result "1/2-1/2"]
[WhiteTitle "IM"]
[BlackTitle "GM"]
[WhiteElo "2395"]
[BlackElo "2583"]
[WhiteFideId "4103963"]
[BlackFideId "4146786"]
[EventDate "2014.07.12"]

1. d4 g6 2. c4 Bg7 3. Nf3 c5 4. d5 d6 5. e4 e6 6. Nc3 exd5 7. cxd5 a6 8. a4 Bg4
9. Be2 Nf6 10. O-O O-O 11. h3 Bxf3 12. Bxf3 Nbd7 13. Bf4 Qe7 14. Re1 Rfe8 15. a5
Rab8 16. Qd2 h5 17. Be2 Nh7 18. Bf1 Be5 19. Bxe5 Qxe5 20. f4 Qd4+ 21. Qf2 g5 22.
Re3 gxf4 23. Qxf4 Qf6 24. Qg3+ Kh8 25. Rf3 Qg6 26. Qf4 Rg8 27. Kh2 Ne5 28. Rg3
Qxg3+ 29. Qxg3 Rxg3 30. Kxg3 Nf6 31. Ra3 c4 32. b3 Rg8+ 33. Kf4 h4 34. bxc4 Rg3
35. Nb1 Nh5+ 36. Kf5 Kg7 37. c5 Rxa3 38. Nxa3 Ng3+ 39. Kf4 Nxf1 40. cxd6 Kf6 41.
Nb1 Ng3 42. Nd2 Ne2+ 43. Ke3 Nc3 44. Nf3 Nd7 45. Kf4 b5 46. axb6 Nxb6 47. Nxh4
Nd7 48. g4 a5 49. e5+ Kg7 50. Nf5+ Kf8 51. Ne3 Nb6 52. e6 Ncxd5+ 53. Nxd5 Nxd5+
54. Ke5 fxe6 55. Kxe6 Nb6 56. Ke5 Nc4+ 57. Kd5 Nxd6 58. Kc5 Kf7 59. h4 Kf6 60.
Kd4 a4 1/2-1/2

[Event "Corporation Cup 2014"]
[Site "Izhevsk RUS"]
[Date "2014.07.16"]
[Round "5.8"]
[White "Ziatdinov, Raset"]
[Black "Kryakvin, Dmitry"]
[Result "1/2-1/2"]
[WhiteTitle "GM"]
[BlackTitle "GM"]
[WhiteElo "2348"]
[BlackElo "2579"]
[WhiteFideId "2015323"]
[BlackFideId "4153278"]
[EventDate "2014.07.12"]

1. e4 c5 2. Nf3 Nc6 3. d4 cxd4 4. Nxd4 Nf6 5. Nc3 d6 6. Bg5 e6 7. Qd2 a6 8.
O-O-O h6 9. Bh4 Nxe4 10. Qf4 Ng5 11. Nxc6 bxc6 12. Qa4 Qb6 13. f4 Nh7 14. f5 Rb8
15. fxe6 Bxe6 16. Bc4 Ng5 17. Bxg5 hxg5 18. Bxe6 fxe6 19. Rhe1 Kd7 20. Qg4 Rh6
21. b3 Qa5 22. Re3 Kc7 23. Rf1 Re8 24. Rf7+ Be7 25. Na4 Kd8 26. Qd4 d5 27. Qa7
Qc7 28. Qa8+ Qc8 29. Qa7 Qc7 30. Qa8+ Qc8 31. Qa7 Qc7 32. Qa8+ Qc8 1/2-1/2

[Event "Corporation Cup 2014"]
[Site "Izhevsk RUS"]
[Date "2014.07.16"]
[Round "5.9"]
[White "Gabrielian, Artur"]
[Black "Predein, Vladimir"]
[Result "1-0"]
[WhiteTitle "GM"]
[BlackTitle "IM"]
[WhiteElo "2558"]
[BlackElo "2386"]
[WhiteFideId "4131002"]
[BlackFideId "4117786"]
[EventDate "2014.07.12"]

1. e4 c5 2. Nf3 e6 3. d4 cxd4 4. Nxd4 Nc6 5. Nc3 Qc7 6. Be3 a6 7. Be2 Nf6 8. O-O
Bb4 9. Na4 Bd6 10. g3 b5 11. Nb6 Rb8 12. Nxc8 Rxc8 13. Nxc6 Qxc6 14. Bf3 e5 15.
Bg5 Bc5 16. Qd3 O-O 17. c3 h6 18. Bxf6 Qxf6 19. a3 Rfd8 20. Kg2 Qe6 21. Rfd1 Be7
22. Qe2 Rc5 23. Rd3 Qb3 24. h4 d6 25. Qd2 Rdc8 26. Re1 a5 27. Bd1 Qa2 28. Bg4
Rd8 29. Rd1 Qc4 30. Bf3 Qb3 31. h5 Qc4 32. Qe2 b4 33. cxb4 axb4 34. b3 Qb5 35.
a4 Qc6 36. Bg4 Rb8 37. Rd5 Rc3 38. R1d3 Rc2 39. Qf3 Qc7 40. Qf5 Qa7 41. Rf3 Bf8
42. Rfd3 Qa6 43. Bd1 Ra2 44. Rd2 Rxd2 45. Rxd2 Rc8 46. Be2 Qb7 47. a5 Rc7 48. a6
Qb6 49. Ra2 Qd4 50. Bc4 d5 51. Bxd5 Bc5 52. Rc2 1-0

[Event "Corporation Cup 2014"]
[Site "Izhevsk RUS"]
[Date "2014.07.18"]
[Round "6.1"]
[White "Sjugirov, Sanan"]
[Black "Ponkratov, Pavel"]
[Result "1/2-1/2"]
[WhiteTitle "GM"]
[BlackTitle "GM"]
[WhiteElo "2643"]
[BlackElo "2610"]
[WhiteFideId "4189302"]
[BlackFideId "4157800"]
[EventDate "2014.07.12"]

1. d4 Nf6 2. c4 c5 3. d5 g6 4. Nc3 Bg7 5. e4 O-O 6. h3 e6 7. Bd3 exd5 8. exd5
Re8+ 9. Be3 Bh6 10. Nf3 Bxe3 11. fxe3 Rxe3+ 12. Kf2 Re8 13. Qd2 d6 14. Rae1 Kg7
15. Qf4 a6 16. Ng5 Rf8 17. g4 Nbd7 18. Nf3 Ne8 19. Kg2 f6 20. Rhf1 b6 21. h4 Ne5
22. Nxe5 dxe5 23. Rxe5 Nd6 24. Re3 Ra7 25. Rfe1 g5 26. Qh2 Kg8 27. hxg5 fxg5 28.
Rh3 Bxg4 29. Rxh7 Qf6 30. Rf1 Bf3+ 31. Kg1 Qd4+ 32. Rf2 Re8 33. Rxa7 Re1+ 34.
Bf1 Qg4+ 35. Rg2 Qd4+ 36. Rf2 Qg4+ 37. Rg2 Qd4+ 38. Rf2 Qg4+ 39. Rg2 Qd4+ 40.
Rf2 1/2-1/2

[Event "Corporation Cup 2014"]
[Site "Izhevsk RUS"]
[Date "2014.07.18"]
[Round "6.2"]
[White "Matinian, Nikita"]
[Black "Khismatullin, Denis"]
[Result "0-1"]
[WhiteTitle "IM"]
[BlackTitle "GM"]
[WhiteElo "2473"]
[BlackElo "2680"]
[WhiteFideId "24129100"]
[BlackFideId "4142578"]
[EventDate "2014.07.12"]

1. d4 Nf6 2. c4 e6 3. g3 c5 4. d5 exd5 5. cxd5 g6 6. Nc3 d6 7. Bg2 Bg7 8. Nf3
O-O 9. O-O Re8 10. Nd2 Nbd7 11. h3 a6 12. a4 Rb8 13. Nc4 Ne5 14. Na3 Nh5 15. e4
Bd7 16. a5 Qxa5 17. g4 Nf6 18. g5 Nh5 19. f4 b5 20. fxe5 Bxe5 21. Nc2 Qb6 22.
Ne2 b4 23. Ne3 c4 24. Kh1 Bb5 25. Rf3 c3 26. bxc3 bxc3 27. Ng4 c2 28. Nh6+ Kg7
29. Qxc2 Bxe2 30. Be3 Qb2 31. Rxf7+ Kh8 32. Qxb2 Bxb2 33. Ra2 Be5 34. Rc7 Rf8
35. Rac2 Bd3 36. Rc1 Ng3+ 37. Kg1 Ne2+ 38. Kh1 Nxc1 39. Bxc1 Rb1 0-1

[Event "Corporation Cup 2014"]
[Site "Izhevsk RUS"]
[Date "2014.07.18"]
[Round "6.3"]
[White "Artemiev, Vladislav"]
[Black "Gabrielian, Artur"]
[Result "1-0"]
[WhiteTitle "GM"]
[BlackTitle "GM"]
[WhiteElo "2652"]
[BlackElo "2558"]
[WhiteFideId "24101605"]
[BlackFideId "4131002"]
[EventDate "2014.07.12"]

1. Nf3 c5 2. c4 Nc6 3. d4 cxd4 4. Nxd4 Nf6 5. g3 e5 6. Nb5 d6 7. N1c3 a6 8. Na3
Be7 9. Bg2 O-O 10. O-O Be6 11. b3 Rc8 12. Bb2 h5 13. Nd5 h4 14. Nc2 b5 15. cxb5
axb5 16. Nce3 Nxd5 17. Nxd5 hxg3 18. hxg3 Bg5 19. e3 Ne7 20. Ba3 Nxd5 21. Bxd5
Be7 22. Bb4 Qb6 23. Bf3 Rfe8 24. Qd2 d5 25. Bxe7 Rxe7 26. a4 bxa4 27. bxa4 Rd7
28. a5 Qa7 29. Rfb1 d4 30. exd4 exd4 31. Rb6 d3 32. Kg2 Rc2 33. Qf4 Rd8 34. Qh4
f6 35. Rh1 Kf8 36. Qh8+ Bg8 37. Rxf6+ gxf6 38. Qxf6+ Ke8 39. Re1+ Re2 40. Bxe2 1-0

[Event "Corporation Cup 2014"]
[Site "Izhevsk RUS"]
[Date "2014.07.18"]
[Round "6.4"]
[White "Kokarev, Dmitry"]
[Black "Ulko, Jaroslav"]
[Result "1/2-1/2"]
[WhiteTitle "GM"]
[BlackTitle "IM"]
[WhiteElo "2650"]
[BlackElo "2461"]
[WhiteFideId "4132181"]
[BlackFideId "4116658"]
[EventDate "2014.07.12"]

1. e4 c5 2. Nf3 e6 3. d4 cxd4 4. Nxd4 Nc6 5. Nc3 Qc7 6. f4 Nxd4 7. Qxd4 a6 8.
Be3 b5 9. O-O-O Bb7 10. Bd3 Rc8 11. Kb1 Nf6 12. e5 Nd5 13. Ne4 Nxe3 14. Qxe3 Be7
15. Qg3 g6 16. h4 Bxe4 17. Bxe4 d5 18. exd6 Bxd6 19. Qf2 O-O 20. g3 Rfd8 21. h5
Bf8 22. hxg6 hxg6 23. Qe2 Bg7 24. c3 Qb6 25. Rxd8+ Rxd8 26. Rd1 Rxd1+ 27. Qxd1
b4 28. cxb4 Qxb4 29. Qd8+ Kh7 30. Qh4+ Kg8 31. Qd8+ Kh7 32. Qh4+ Kg8 1/2-1/2

[Event "Corporation Cup 2014"]
[Site "Izhevsk RUS"]
[Date "2014.07.18"]
[Round "6.6"]
[White "Kozionov, Kirill"]
[Black "Demchenko, Anton"]
[Result "1-0"]
[WhiteTitle "FM"]
[BlackTitle "GM"]
[WhiteElo "2393"]
[BlackElo "2619"]
[WhiteFideId "24101729"]
[BlackFideId "4160258"]
[EventDate "2014.07.12"]

1. e4 e5 2. Nf3 Nc6 3. Bb5 a6 4. Ba4 Nf6 5. O-O Be7 6. Re1 b5 7. Bb3 d6 8. c3
O-O 9. h3 Na5 10. Bc2 c5 11. d4 Nd7 12. Nbd2 Bb7 13. Nf1 exd4 14. cxd4 Nc6 15.
Ne3 Nxd4 16. Nxd4 cxd4 17. Nf5 Bf6 18. Nxd6 Bc6 19. Nf5 Re8 20. Nxd4 Bb7 21. Nf5
Nc5 22. Nd6 Re6 23. Nxb7 Nxb7 24. Qf3 Nd6 25. Bb3 Nc4 26. a4 Rc8 27. axb5 axb5
28. Qe2 Bd4 29. Ra2 Rf6 30. Rf1 Qb6 31. Bc2 Ne5 32. b3 Rfc6 33. Bf4 h6 34. Kh1
Rc3 35. Bxe5 Bxe5 36. f4 Qc7 37. fxe5 Rxc2 38. Rxc2 Qxc2 39. Qxb5 Qxe4 40. Qd7
Rf8 41. Qe7 Qd3 42. Rf3 Qd8 43. Qd6 Re8 44. Qxd8 Rxd8 45. Kh2 Rd2 46. Re3 Rb2
47. Kg3 Kf8 48. Kf3 Ke7 49. g3 Ke6 50. Ke4 Rd2 51. Rd3 Re2+ 52. Kd4 Rxe5 53. Re3
Rxe3 54. Kxe3 Kd5 55. g4 Ke5 56. b4 Kd5 57. Kf4 Kc4 58. Ke5 Kxb4 59. Kd6 g6 60.
Ke5 f5 61. gxf5 gxf5 62. Kxf5 Kc5 63. Kg6 Kd6 64. Kxh6 Ke6 65. Kg6 Ke7 66. Kg7 1-0

[Event "Corporation Cup 2014"]
[Site "Izhevsk RUS"]
[Date "2014.07.18"]
[Round "6.7"]
[White "Goganov, Aleksey"]
[Black "Zakhartsov, Vladimir"]
[Result "1-0"]
[WhiteTitle "GM"]
[BlackTitle "IM"]
[WhiteElo "2590"]
[BlackElo "2391"]
[WhiteFideId "24109959"]
[BlackFideId "4145097"]
[EventDate "2014.07.12"]

1. c4 g6 2. g3 Bg7 3. Bg2 c5 4. Nc3 Nc6 5. Nf3 e6 6. d3 Nge7 7. Bg5 h6 8. Bd2 a6
9. O-O Rb8 10. e3 O-O 11. d4 d6 12. Rc1 Nf5 13. d5 Na5 14. b3 b5 15. Ne2 exd5
16. cxd5 Ne7 17. e4 f5 18. e5 Nb7 19. Bc3 g5 20. exd6 Qxd6 21. Bxg7 Kxg7 22. b4
Rf6 23. h4 Qxd5 24. hxg5 hxg5 25. bxc5 Qxd1 26. Rfxd1 Rc6 27. Ne5 Rxc5 28. Nd7
Bxd7 29. Rxd7 Re5 30. Nd4 Kf8 31. Bxb7 Ke8 32. Rcc7 Rd8 33. Rxe7+ 1-0

[Event "Corporation Cup 2014"]
[Site "Izhevsk RUS"]
[Date "2014.07.18"]
[Round "6.8"]
[White "Maletin, Pavel"]
[Black "Ziatdinov, Raset"]
[Result "1-0"]
[WhiteTitle "GM"]
[BlackTitle "GM"]
[WhiteElo "2583"]
[BlackElo "2348"]
[WhiteFideId "4146786"]
[BlackFideId "2015323"]
[EventDate "2014.07.12"]

1. c4 e6 2. g3 d5 3. Bg2 d4 4. Nf3 c5 5. e3 Nc6 6. exd4 cxd4 7. O-O Nf6 8. d3
Be7 9. Na3 O-O 10. Nc2 Ne8 11. a3 a5 12. Bd2 a4 13. Bb4 Nxb4 14. axb4 Nc7 15.
Re1 Bf6 16. Ne5 Bxe5 17. Rxe5 Qd6 18. f4 Rd8 19. Qh5 Qb6 20. Ra5 Bd7 21. Rxa8
Rxa8 22. Qe5 Na6 23. c5 Qb5 24. Qxd4 Bc6 25. Bf1 b6 26. Qd6 bxc5 27. Na3 Qb7 28.
b5 Bxb5 29. Bg2 Qb8 30. Nxb5 1-0

[Event "Corporation Cup 2014"]
[Site "Izhevsk RUS"]
[Date "2014.07.18"]
[Round "6.9"]
[White "Kryakvin, Dmitry"]
[Black "Samusenko, Maksim"]
[Result "1/2-1/2"]
[WhiteTitle "GM"]
[BlackTitle "FM"]
[WhiteElo "2579"]
[BlackElo "2323"]
[WhiteFideId "4153278"]
[BlackFideId "4112253"]
[EventDate "2014.07.12"]

1. d4 Nf6 2. c4 g6 3. Nc3 Bg7 4. e4 d6 5. f3 O-O 6. Be3 e5 7. d5 c6 8. Qd2 cxd5
9. cxd5 Nbd7 10. Bd3 a6 11. Nge2 b5 12. b4 Nh5 13. O-O f5 14. a4 bxa4 15. Nxa4
Nf4 16. Rac1 Nxd3 17. Qxd3 Rb8 18. Qd2 Nf6 19. exf5 gxf5 20. Rc6 Bb7 21. Rfc1
Bxc6 22. dxc6 Qc7 23. Bf2 Kh8 24. Ng3 Ng8 25. Rc4 f4 26. Ne2 Ne7 27. Nec3 Nxc6
28. Nd5 Qb7 29. Nab6 Rf7 30. h3 Nd8 31. Qc1 Ne6 32. Rc6 Rd8 33. Nc8 Bf8 34. Qc4
Rg7 35. Ncb6 Qf7 36. Bh4 Qg6 37. Qf1 Ng5 38. Kh2 Be7 39. Nxe7 Rxe7 40. Nc4 Re6
41. Rxa6 h6 42. Qe2 e4 43. fxe4 Rxe4 44. Qb2+ Kg8 45. Nb6 Rde8 46. Qb3+ Qe6 47.
Qxe6+ R8xe6 48. Nd5 Rd4 49. Ra8+ Kf7 50. Ra7+ Kg6 51. Ne7+ Kf6 52. Ng8+ Kf5 53.
Ne7+ Ke4 54. b5 Rb4 55. Nc6 Rxb5 56. Ra4+ Ke3 57. Ra3+ Ke4 58. Ra4+ Kd3 59. Ra3+
Ke4 1/2-1/2

[Event "Corporation Cup 2014"]
[Site "Izhevsk RUS"]
[Date "2014.07.19"]
[Round "7.1"]
[White "Artemiev, Vladislav"]
[Black "Sjugirov, Sanan"]
[Result "1/2-1/2"]
[WhiteTitle "GM"]
[BlackTitle "GM"]
[WhiteElo "2652"]
[BlackElo "2643"]
[WhiteFideId "24101605"]
[BlackFideId "4189302"]
[EventDate "2014.07.12"]

1. c4 c6 2. Nf3 d5 3. g3 dxc4 4. Bg2 Nd7 5. O-O g6 6. Qc2 Nb6 7. a4 a5 8. Na3
Bg7 9. Nxc4 Nxc4 10. Qxc4 Nf6 11. e4 O-O 12. d3 Ne8 13. d4 Nc7 14. Bf4 Na6 15.
Qc1 Bg4 16. Ne5 Be6 17. Rd1 Rc8 18. Bf1 Nb4 19. Qc3 Re8 20. Rd2 Qb6 21. h4 Red8
22. h5 Na2 23. Qe3 Qb3 24. hxg6 hxg6 25. Qe1 Qxa4 26. d5 cxd5 27. exd5 Rxd5 28.
Nxg6 Rxd2 29. Bxd2 Qd7 30. Rxa2 fxg6 31. Rxa5 Bf7 32. Bc3 Bxc3 33. bxc3 Qc7 34.
c4 Bxc4 35. Bh3 Rf8 36. Qc3 Qc6 37. Bg2 Qc8 38. Bxb7 Qxb7 39. Qxc4+ Rf7 40. Rb5
Qf3 41. Qd4 Qf6 42. Re5 Kg7 43. Qe3 Qd6 44. Re4 Kg8 45. Qe2 Kg7 46. Rh4 Qf6 47.
Qd2 Kg8 48. Qa2 Qd6 49. Rf4 e6 50. Qc2 Kg7 51. Qc3+ e5 52. Re4 Qd1+ 53. Kg2 Qd5
54. f3 Rd7 55. Kh3 Qe6+ 56. g4 Rf7 57. Kg3 Qd5 58. Qe3 Rf6 59. Rb4 Rf7 60. Qc3
Qd6 61. f4 Qf6 62. Qxe5 Qxe5 63. fxe5 g5 64. Rb3 Rf4 65. Re3 Rf1 66. e6 Kf8 67.
e7+ Ke8 68. Re5 Rf7 69. Rxg5 Kxe7 70. Rg8 Rf1 71. Kh4 Kf7 72. Ra8 Kg6 73. Ra6+
Kg7 1/2-1/2

[Event "Corporation Cup 2014"]
[Site "Izhevsk RUS"]
[Date "2014.07.19"]
[Round "7.2"]
[White "Khismatullin, Denis"]
[Black "Ponkratov, Pavel"]
[Result "1-0"]
[WhiteTitle "GM"]
[BlackTitle "GM"]
[WhiteElo "2680"]
[BlackElo "2610"]
[WhiteFideId "4142578"]
[BlackFideId "4157800"]
[EventDate "2014.07.12"]

1. d4 d5 2. c4 c6 3. Nf3 Nf6 4. Nc3 e6 5. e3 Nbd7 6. Qc2 Bd6 7. Bd3 O-O 8. O-O
dxc4 9. Bxc4 b5 10. Be2 Bb7 11. e4 e5 12. dxe5 Nxe5 13. Nd4 Neg4 14. g3 Qb6 15.
Nf5 Bc5 16. Bxg4 Nxg4 17. b4 Bxb4 18. Qb2 Bxc3 19. Qxc3 f6 20. Ba3 Rfd8 21. Be7
c5 22. Bxd8 Rxd8 23. Ne7+ Kf7 24. Nd5 Bxd5 25. exd5 Rxd5 26. Qf3 Rd4 27. Rad1
Ne5 28. Qh5+ Kf8 29. Rxd4 cxd4 30. Rc1 Qb7 31. f4 Nd3 32. Rc2 g6 33. Qe2 Nb4 34.
Rb2 d3 35. Qd2 Qb6+ 36. Kf1 Nd5 37. Qxd3 Ne3+ 38. Ke1 Nc4 39. Rf2 a6 40. h3 Kg7
41. Kf1 Ne3+ 42. Kg1 f5 43. Rd2 Nd5+ 44. Qd4+ Qxd4+ 45. Rxd4 Nc3 46. Rd7+ Kh6
47. a3 a5 48. Kg2 b4 49. axb4 axb4 50. Rb7 Nd5 51. Kf3 Nf6 52. g4 fxg4+ 53. hxg4
g5 54. Rb5 1-0

[Event "Corporation Cup 2014"]
[Site "Izhevsk RUS"]
[Date "2014.07.19"]
[Round "7.3"]
[White "Mokshanov, Alexey"]
[Black "Kokarev, Dmitry"]
[Result "1/2-1/2"]
[WhiteTitle "FM"]
[BlackTitle "GM"]
[WhiteElo "2440"]
[BlackElo "2650"]
[WhiteFideId "24121657"]
[BlackFideId "4132181"]
[EventDate "2014.07.12"]

1. e4 c5 2. Nf3 d6 3. Bb5+ Bd7 4. Bxd7+ Qxd7 5. O-O Nc6 6. c3 Nf6 7. Re1 e6 8.
d4 cxd4 9. cxd4 d5 10. e5 Ne4 11. Nbd2 Nxd2 12. Bxd2 Be7 13. Rc1 O-O 14. Rc3
Rfc8 15. a3 Rc7 16. h4 Rac8 17. Rd3 Bd8 18. h5 h6 19. Nh2 Ne7 20. Nf1 Qb5 21.
Bc3 Rc6 22. Qd2 Ba5 23. Rc1 Bxc3 24. Rdxc3 Nf5 25. Rxc6 Rxc6 26. Rxc6 Qxc6 27.
Ne3 Nxe3 28. fxe3 Qc7 29. Qd1 Qe7 30. Qc2 Qg5 31. Qc8+ Kh7 32. Qc2+ Kg8 33. Qc8+
Kh7 34. Qc2+ g6 35. hxg6+ Kg7 36. Kf2 Qh4+ 37. Kf1 Qh1+ 38. Kf2 Qh4+ 39. Kf1
Qh1+ 40. Kf2 Qh4+ 41. Kf1 Qh1+ 1/2-1/2

[Event "Corporation Cup 2014"]
[Site "Izhevsk RUS"]
[Date "2014.07.19"]
[Round "7.4"]
[White "Smirnov, Pavel"]
[Black "Balashov, Yuri S"]
[Result "1-0"]
[WhiteTitle "GM"]
[BlackTitle "GM"]
[WhiteElo "2626"]
[BlackElo "2435"]
[WhiteFideId "4123425"]
[BlackFideId "4100263"]
[EventDate "2014.07.12"]

1. d4 Nf6 2. c4 e6 3. g3 c5 4. Nf3 cxd4 5. Nxd4 d5 6. Bg2 e5 7. Nb3 d4 8. O-O
Nc6 9. f4 Bd6 10. fxe5 Bxe5 11. N1d2 Ng4 12. Nf3 Bf6 13. Bf4 O-O 14. Qd2 Ne3 15.
Bxe3 dxe3 16. Qxe3 Bxb2 17. Rad1 Qe7 18. Qxe7 Nxe7 19. Ng5 Bf6 20. Ne4 Be5 21.
Nec5 Re8 22. Nxb7 Rb8 23. N3c5 Bc7 24. Na6 Bxb7 25. Nxc7 Bxg2 26. Kxg2 Red8 27.
Na6 Rbc8 28. c5 g6 29. e4 Nc6 30. Rd5 Re8 31. Rd7 Ne5 32. Rxa7 Rc6 33. Rd1 h5
34. Rd5 Nc4 35. Rd4 Ne5 36. h3 Ree6 37. Nc7 Re7 38. Rd8+ Kh7 39. Rd5 Nc4 40. Nb5
Rxa7 41. Nxa7 Ra6 42. Rd7 Rxa2+ 43. Kf1 Kg7 44. c6 Ne5 45. Rb7 Rxa7 46. Rxa7
Nxc6 47. Rb7 Ne5 48. Kf2 Kf6 49. Ke3 Kg7 50. Kd4 Nf3+ 51. Kd5 Ng5 52. h4 Ne6 53.
Re7 Nf8 54. Re8 Nh7 55. e5 g5 56. Ke4 gxh4 57. gxh4 1-0

[Event "Corporation Cup 2014"]
[Site "Izhevsk RUS"]
[Date "2014.07.19"]
[Round "7.5"]
[White "Goganov, Aleksey"]
[Black "Smirnov, Alexey"]
[Result "1-0"]
[WhiteTitle "GM"]
[WhiteElo "2590"]
[BlackElo "2413"]
[WhiteFideId "24109959"]
[BlackFideId "4168437"]
[EventDate "2014.07.12"]

1. c4 e5 2. Nc3 Nf6 3. Nf3 Nc6 4. g3 d5 5. cxd5 Nxd5 6. Bg2 Nb6 7. O-O Be7 8. a3
O-O 9. b4 Be6 10. Rb1 f6 11. d3 a5 12. b5 Nd4 13. Nd2 c6 14. bxc6 Nxc6 15. Nc4
Nxc4 16. dxc4 Qxd1 17. Rxd1 Rab8 18. Bd5 Kf7 19. Nb5 Rfc8 20. Be3 a4 21. Bb6 h5
22. e3 e4 23. Nc7 Bxd5 24. cxd5 Bxa3 25. dxc6 bxc6 26. Rd7+ Kg6 27. Ne6 Rg8 28.
Ra7 Rge8 29. Rxa4 Bd6 30. Nf4+ Kh6 31. Raa1 1-0

[Event "Corporation Cup 2014"]
[Site "Izhevsk RUS"]
[Date "2014.07.19"]
[Round "7.6"]
[White "Ulko, Jaroslav"]
[Black "Maletin, Pavel"]
[Result "1-0"]
[WhiteTitle "IM"]
[BlackTitle "GM"]
[WhiteElo "2461"]
[BlackElo "2583"]
[WhiteFideId "4116658"]
[BlackFideId "4146786"]
[EventDate "2014.07.12"]

1. d4 Nf6 2. c4 e6 3. Nc3 Bb4 4. e3 b6 5. Ne2 c5 6. a3 Ba5 7. Ng3 Bb7 8. f3 O-O
9. e4 d5 10. cxd5 exd5 11. e5 Nfd7 12. Kf2 Nc6 13. Nb5 Ba6 14. f4 c4 15. Nc3 b5
16. Be3 f6 17. e6 Nc5 18. dxc5 d4 19. Bd2 dxc3 20. Bxc3 Bxc3 21. bxc3 Qa5 22.
Qe1 Ne7 23. Rd1 Qc7 24. Qe3 Rad8 25. Be2 Nd5 26. Rxd5 Rxd5 27. e7 Re8 28. Qe6+
Kh8 29. Qxd5 Rxe7 30. Qd6 1-0

[Event "Corporation Cup 2014"]
[Site "Izhevsk RUS"]
[Date "2014.07.19"]
[Round "7.7"]
[White "Zakhartsov, Viacheslav V."]
[Black "Kozionov, Kirill"]
[Result "1-0"]
[WhiteTitle "GM"]
[BlackTitle "FM"]
[WhiteElo "2544"]
[BlackElo "2393"]
[WhiteFideId "4115333"]
[BlackFideId "24101729"]
[EventDate "2014.07.12"]

1. d4 d5 2. c4 c6 3. Nc3 Nf6 4. e3 e6 5. Nf3 Nbd7 6. Bd3 dxc4 7. Bxc4 b5 8. Bd3
Bb7 9. O-O a6 10. a4 b4 11. Ne4 c5 12. Nxf6+ Nxf6 13. dxc5 Bxc5 14. Qe2 Qd5 15.
Rd1 Qh5 16. b3 O-O 17. Bb2 a5 18. Rac1 Rfd8 19. Ne5 Qg5 20. g3 Rd5 21. h4 Qh6
22. e4 Rxe5 23. Bxe5 Bb6 24. Bc7 Ba7 25. Bf4 Qg6 26. e5 Ne4 27. Kh2 f5 28. exf6
e5 29. f7+ Kh8 30. Bxe5 Qf5 31. Bf4 Qxf7 32. Bxe4 Re8 33. Rc7 1-0

[Event "Corporation Cup 2014"]
[Site "Izhevsk RUS"]
[Date "2014.07.19"]
[Round "7.8"]
[White "Ofitserian, Boris"]
[Black "Prizant, Jaroslav"]
[Result "1/2-1/2"]
[BlackTitle "IM"]
[WhiteElo "2141"]
[BlackElo "2523"]
[WhiteFideId "24199443"]
[BlackFideId "4140664"]
[EventDate "2014.07.12"]

1. e4 c5 2. Nf3 d6 3. d4 Nf6 4. Nc3 cxd4 5. Nxd4 a6 6. Bc4 e6 7. O-O b5 8. Bb3
Be7 9. Qf3 Qc7 10. Qg3 O-O 11. Bh6 Ne8 12. Rad1 Bd7 13. f4 Nc6 14. f5 Nxd4 15.
Rxd4 Kh8 16. f6 Bxf6 17. Rxf6 Qc5 18. Bxg7+ Nxg7 19. Qf2 Qe5 20. Rh6 f5 21. Ne2
fxe4 22. Qh4 Qf5 23. Rd1 e3 24. Ng3 Qf2+ 25. Kh1 Bc6 26. Rxh7+ Kg8 27. Bxe6+
Nxe6 28. Rh8+ Kf7 29. Qh5+ Ke7 30. Rh7+ Rf7 31. Nf5+ Kd8 32. Rxd6+ Bd7 33. Rxd7+
Rxd7 34. Rxd7+ Kxd7 35. Qf7+ Kc6 36. Qxe6+ Kc7 37. Qd6+ Kb7 38. Qd7+ Kb6 39.
Qd6+ Ka5 40. Qa3+ Kb6 41. Qd6+ Ka5 42. Qa3+ 1/2-1/2

[Event "Corporation Cup 2014"]
[Site "Izhevsk RUS"]
[Date "2014.07.19"]
[Round "7.9"]
[White "Akhmetov, Ayan"]
[Black "Kryakvin, Dmitry"]
[Result "0-1"]
[WhiteTitle "IM"]
[BlackTitle "GM"]
[WhiteElo "2373"]
[BlackElo "2579"]
[WhiteFideId "13703706"]
[BlackFideId "4153278"]
[EventDate "2014.07.12"]

1. e4 c5 2. Nf3 Nc6 3. d4 cxd4 4. Nxd4 Nf6 5. Nc3 d6 6. f3 e5 7. Nb3 Be7 8. Be3
Be6 9. Nd5 Bxd5 10. exd5 Nb4 11. c4 a5 12. Qd2 b6 13. Be2 O-O 14. O-O Na6 15.
Rac1 Nc5 16. Na1 Nh5 17. Nc2 f5 18. b4 f4 19. bxc5 fxe3 20. Nxe3 bxc5 21. g3 Bg5
22. Rb1 Ra7 23. Qd3 g6 24. Ng2 Ng7 25. g4 Ne8 26. Rb2 Bf6 27. Rb5 Re7 28. Kh1
Bg5 29. Qc3 Ra7 30. Qc2 Raf7 31. Rfb1 Nf6 32. Rb7 Nd7 33. Qa4 Bd2 34. Qc6 Nf6
35. Rxf7 Rxf7 36. Rb6 Nd7 37. Rb7 e4 38. f4 Qf6 39. Rb1 g5 40. f5 Kg7 41. h3 Ne5
42. Qc8 Nf3 43. Qe6 Nd4 44. Qxe4 Re7 45. Qd3 Rxe2 46. Rb2 Qe5 47. f6+ Kh6 48. f7
Qf6 0-1

[Event "Corporation Cup 2014"]
[Site "Izhevsk RUS"]
[Date "2014.07.20"]
[Round "8.1"]
[White "Smirnov, Pavel"]
[Black "Khismatullin, Denis"]
[Result "1/2-1/2"]
[WhiteTitle "GM"]
[BlackTitle "GM"]
[WhiteElo "2626"]
[BlackElo "2680"]
[WhiteFideId "4123425"]
[BlackFideId "4142578"]
[EventDate "2014.07.12"]

1. e4 e5 2. Nf3 Nc6 3. Bc4 Bc5 4. c3 Nf6 5. d4 exd4 6. cxd4 Bb4+ 7. Nbd2 d5 8.
exd5 Nxd5 9. O-O O-O 10. Ne5 Nb6 11. Nxc6 bxc6 12. Bd3 Qxd4 13. Nf3 Qd5 14. Qc2
Qh5 15. Bf4 Bd6 16. Bg3 c5 17. Be4 Rb8 18. Rad1 Bxg3 19. fxg3 c4 20. h3 Qc5+ 21.
Nd4 g6 22. b4 Qxb4 23. Nc6 Qc5+ 24. Qf2 Qxf2+ 25. Rxf2 Be6 26. Nxb8 Rxb8 27. Rc2
Kf8 28. Kf2 Ke7 29. Bc6 h5 30. Ke3 Nc8 31. Bd5 Nd6 32. Bxe6 Kxe6 33. Kd4 Rb4 34.
Re1+ Kd7 35. Re5 Ra4 36. Rce2 Kc6 37. Rc5+ Kd7 38. Rce5 Kc6 39. Rc5+ Kd7 1/2-1/2